[Event "DVM U14 2016"]
[Site "Düsseldorf GER"]
[Date "2016.12.28"]
[Round "4"]
[White "Hofele, Mathis"]
[Black "Holinka, Henning"]
[Result "0-1"]
[Termination "normal"]
[Board "3.2"]
[WhiteElo "1687"]
[BlackElo "2034"]
[WhiteTeam "SG Königskinder Hohentübingen"]
[BlackTeam "Hamburger SK"]
[PlyCount "154"]
[WhiteFideId "12963844"]
[BlackFideId "12967084"]
[EventCountry "GER"]
[EventRounds "7"]
[EventType "team-swiss"]
[EventDate "2016.12.26"]

1. e4 g6 2. d4 Bg7 3. Nc3 a6 4. f4 d6 5. Nf3 b5 6. Bd3 Nd7 7. e5 Bb7 8. O-O Nh6
9. a3 O-O 10. Be4 Bxe4 11. Nxe4 Nb6 12. Qe2 Qd7 13. Bd2 Rac8 14. Rad1 Rfd8 15.
Bc1 Qe8 16. Neg5 c5 17. c3 cxd4 18. Nxd4 e6 19. Ngf3 Nc4 20. Kh1 Ng4 21. h3
dxe5 22. hxg4 exd4 23. Nxd4 Bxd4 24. cxd4 Rd5 25. b3 Na5 26. Qb2 Qe7 27. g5 Qd6
28. Be3 Rd8 29. Rf2 Nc6 30. Rfd2 Kg7 31. Rd3 Rh8 32. g3 h5 33. Rc1 Rd8 34. Rcd1
Ne7 35. Bf2 Nf5 36. Kh2 Kh7 37. Qc1 Qd7 38. Qb2 Ne7 39. Rc1 Qb7 40. Rdc3 R5d7
41. Rc5 Kg8 42. b4 Nd5 43. Qc2 Nb6 44. Qe2 Nc4 45. Rc3 Nd6 46. Re5 Nf5 47. g4
hxg4 48. Qxg4 Kg7 49. Qg2 Qxg2+ 50. Kxg2 Ne7 51. Kf3 Nd5 52. Rc1 Kf8 53. Re2
Rc7 54. Rxc7 Nxc7 55. d5 Nxd5 56. Bd4 Ke7 57. Be5 Rc8 58. Rd2 Rc1 59. Kf2 Rc8
60. Kf3 Kd7 61. Kf2 Kc6 62. Rc2+ Kb7 63. Rd2 Rd8 64. Kf3 Rd7 65. Kf2 Nb6 66.
Rxd7+ Nxd7 67. Bd4 Kc6 68. Ke3 Kd5 69. Kd3 e5 70. fxe5 Nxe5+ 71. Kc3 Nc4 72.
Bf6 Nxa3 73. Be7 Nc4 74. Bf6 Ke4 75. Be7 Nb6 76. Bd8 Nd5+ 77. Kb3 Kf5 0-1

[Event "DVM U14 2016"]
[Site "Düsseldorf GER"]
[Date "2016.12.28"]
[Round "4"]
[White "Engel, Robert"]
[Black "Hurm, Moritz"]
[Result "1/2-1/2"]
[Termination "normal"]
[Board "3.3"]
[WhiteElo "1812"]
[BlackElo "1492"]
[WhiteTeam "Hamburger SK"]
[BlackTeam "SG Königskinder Hohentübingen"]
[PlyCount "64"]
[WhiteFideId "12974684"]
[BlackFideId "16235150"]
[EventCountry "GER"]
[EventRounds "7"]
[EventType "team-swiss"]
[EventDate "2016.12.26"]

1. e4 c5 2. Nf3 a6 3. c3 d5 4. exd5 Nf6 5. d4 cxd4 6. Qa4+ Qd7 7. Qxd7+ Nbxd7
8. c4 Nb6 9. Nxd4 g6 10. h3 Bg7 11. Be3 O-O 12. Nc3 Bd7 13. Nf3 Na4 14. Nxa4
Bxa4 15. Bd4 Rfd8 16. b3 Bd7 17. Bd3 Rac8 18. O-O e6 19. Bb6 Re8 20. d6 e5 21.
Be2 Rc6 22. Bc7 Nh5 23. Rad1 Nf4 24. Rfe1 b6 25. Bf1 Ne6 26. Nxe5 Bxe5 27. Rxe5
Nxc7 28. dxc7 Rxe5 29. Rxd7 Kg7 30. Rd6 Rxc7 31. Rxb6 a5 32. Rb5 Rxb5 1/2-1/2

[Event "DVM U14 2016"]
[Site "Düsseldorf GER"]
[Date "2016.12.28"]
[Round "4"]
[White "Chernykh, Arkady"]
[Black "Lichtmannecker, Daniel"]
[Result "1-0"]
[Termination "normal"]
[Board "4.1"]
[WhiteElo "1896"]
[BlackElo "1684"]
[WhiteTeam "Karlsruher SF"]
[BlackTeam "FC Ergolding"]
[PlyCount "113"]
[WhiteFideId "12989436"]
[BlackFideId "12979414"]
[EventCountry "GER"]
[EventRounds "7"]
[EventType "team-swiss"]
[EventDate "2016.12.26"]

1. d4 e6 2. c4 Nf6 3. Nc3 d5 4. cxd5 exd5 5. Bg5 c6 6. e3 Bf5 7. Qf3 Bg6 8.
Bxf6 Qxf6 9. Qxf6 gxf6 10. Nf3 Bd6 11. Nh4 Nd7 12. Ne2 Nb6 13. Ng3 Bb4+ 14. Kd1
Nc8 15. f4 Be4 16. a3 Bf8 17. Kd2 Nd6 18. Bd3 Kd7 19. Bxe4 Nxe4+ 20. Nxe4 dxe4
21. Nf5 h5 22. Ng3 Re8 23. Rad1 h4 24. Ne2 Ke6 25. g4 hxg3 26. hxg3 Rxh1 27.
Rxh1 f5 28. Rh5 Bd6 29. d5+ Kxd5 30. Rxf5+ Ke6 31. Nd4+ Ke7 32. Ra5 a6 33. Nf5+
Kd7 34. Nxd6 Kxd6 35. Rf5 Re7 36. Kc3 c5 37. b4 cxb4+ 38. axb4 b6 39. Kd4 Kc6
40. g4 Kd6 41. g5 Kc6 42. Re5 Rxe5 43. Kxe5 a5 44. bxa5 bxa5 45. Kd4 a4 46. Kc4
a3 47. Kb3 Kc5 48. Kxa3 Kc4 49. Kb2 Kd3 50. f5 Kxe3 51. g6 fxg6 52. fxg6 Kd2
53. g7 e3 54. g8=Q e2 55. Qg5+ Kd3 56. Qc1 Ke4 57. Qe1 1-0

[Event "DVM U14 2016"]
[Site "Düsseldorf GER"]
[Date "2016.12.28"]
[Round "4"]
[White "Astner, Sebastian"]
[Black "Koll, Lukas"]
[Result "1/2-1/2"]
[Termination "normal"]
[Board "4.2"]
[WhiteElo "1804"]
[BlackElo "1821"]
[WhiteTeam "FC Ergolding"]
[BlackTeam "Karlsruher SF"]
[PlyCount "144"]
[WhiteFideId "12979422"]
[BlackFideId "12969737"]
[EventCountry "GER"]
[EventRounds "7"]
[EventType "team-swiss"]
[EventDate "2016.12.26"]

1. e4 c6 2. d4 d5 3. e5 Bf5 4. c3 e6 5. Nd2 Nd7 6. Nb3 a6 7. Bd3 Bxd3 8. Qxd3
Ne7 9. f4 Qc7 10. Nf3 c5 11. dxc5 Nxc5 12. Nxc5 Qxc5 13. Be3 Qc7 14. O-O Nf5
15. Bf2 Bc5 16. Nd4 Bxd4 17. Bxd4 h5 18. Rac1 Rc8 19. Rc2 Qc4 20. Qxc4 Rxc4 21.
Rd1 Ke7 22. Kf2 Rhc8 23. Rcd2 b5 24. g3 b4 25. Ke2 bxc3 26. Bxc3 Rg8 27. Kf3 g5
28. Bd4 gxf4 29. gxf4 Rg4 30. b3 Rc8 31. Bf2 Rc6 32. Rd3 Nh4+ 33. Bxh4+ Rxh4
34. Kg3 Rg4+ 35. Kf3 Kd7 36. Rd4 Rc3+ 37. R4d3 Rc2 38. R3d2 Rc5 39. Rd4 Kc6 40.
a4 a5 41. R4d3 Rg7 42. Kf2 Rc2+ 43. R1d2 Rxd2+ 44. Rxd2 Kc5 45. Rd3 Kb4 46. Rh3
Rg8 47. Rxh5 Kxb3 48. Rh7 Rf8 49. h4 f6 50. Ke3 fxe5 51. fxe5 Kxa4 52. h5 Rf5
53. Kd4 Kb3 54. h6 Rh5 55. Rh8 a4 56. h7 Ka3 57. Kc5 Rh6 58. Kd4 Ka2 59. Kc3 a3
60. Kd2 Rh2+ 61. Kc3 Rh3+ 62. Kd2 Ka1 63. Kc2 Ka2 64. Kd2 d4 65. Kc2 Rc3+ 66.
Kd2 Rc7 67. Kd3 Rd7 68. Re8 Rxh7 69. Rxe6 Rb7 70. Kxd4 Kb2 71. Ra6 a2 72. e6
Rb3 1/2-1/2

[Event "DVM U14 2016"]
[Site "Düsseldorf GER"]
[Date "2016.12.28"]
[Round "4"]
[White "Fidlin, Simon"]
[Black "Sowka, Patrick"]
[Result "1-0"]
[Termination "normal"]
[Board "4.3"]
[WhiteElo "1717"]
[BlackElo "1686"]
[WhiteTeam "Karlsruher SF"]
[BlackTeam "FC Ergolding"]
[PlyCount "39"]
[WhiteFideId "16217535"]
[BlackFideId "16234944"]
[EventCountry "GER"]
[EventRounds "7"]
[EventType "team-swiss"]
[EventDate "2016.12.26"]

1. e4 e5 2. Nf3 Nc6 3. Bb5 Bc5 4. O-O d6 5. c3 Bd7 6. d4 exd4 7. cxd4 Bb6 8.
Nc3 Nge7 9. Re1 O-O 10. Be3 f5 11. Bc4+ Kh8 12. Ng5 Be8 13. Ne6 Qc8 14. Nxf8
Bd7 15. Nxh7 fxe4 16. Nf6 Be8 17. Nxe8 Qxe8 18. Qg4 d5 19. Nxd5 Qg6 20. Qh4+
1-0

[Event "DVM U14 2016"]
[Site "Düsseldorf GER"]
[Date "2016.12.28"]
[Round "4"]
[White "Kühne, Maria"]
[Black "Koll, Linus"]
[Result "1/2-1/2"]
[Termination "normal"]
[Board "4.4"]
[WhiteElo "1721"]
[BlackElo "1728"]
[WhiteTeam "FC Ergolding"]
[BlackTeam "Karlsruher SF"]
[PlyCount "92"]
[WhiteFideId "12997412"]
[BlackFideId "12990299"]
[EventCountry "GER"]
[EventRounds "7"]
[EventType "team-swiss"]
[EventDate "2016.12.26"]

1. e4 c5 2. b3 d6 3. Bb5+ Nc6 4. Bb2 e5 5. d3 Nf6 6. Ne2 a6 7. Bxc6+ bxc6 8.
Nd2 Qc7 9. O-O Be7 10. h3 g5 11. f3 h5 12. Ng3 Be6 13. Nc4 g4 14. hxg4 hxg4 15.
f4 exf4 16. Rxf4 d5 17. Be5 Qd8 18. Ne3 Rg8 19. Qf1 Nd7 20. Bb2 Bg5 21. Re1
Bxf4 22. Qxf4 Qa5 23. Ra1 O-O-O 24. exd5 cxd5 25. Nef5 Kb7 26. d4 Ka8 27. Ne7
Rge8 28. Nc6 Qb6 29. Nxd8 Rxd8 30. dxc5 Qxc5+ 31. Qf2 Qxf2+ 32. Kxf2 Kb7 33.
Rd1 Rc8 34. Rd2 Nb6 35. Ke3 a5 36. a4 Kc6 37. Bc3 Ra8 38. Kf4 Nc8 39. Nh5 Nd6
40. Nf6 Kc5 41. Ke5 Ne4 42. Nxe4+ dxe4 43. Kxe4 Ra6 44. Ke5 Ra8 45. g3 Kc6 46.
Rd6+ Kb7 1/2-1/2

[Event "DVM U14 2016"]
[Site "Düsseldorf GER"]
[Date "2016.12.28"]
[Round "4"]
[White "Wong, Gengchun"]
[Black "Stirnberg, Noah"]
[Result "1-0"]
[Termination "normal"]
[Board "5.1"]
[WhiteElo "2076"]
[BlackElo "1772"]
[WhiteTeam "SV Dresden-Leuben"]
[BlackTeam "SK Blauer Springer Paderborn"]
[PlyCount "65"]
[WhiteFideId "12963283"]
[BlackFideId "16207742"]
[EventCountry "GER"]
[EventRounds "7"]
[EventType "team-swiss"]
[EventDate "2016.12.26"]

1. e4 e6 2. d4 d5 3. Nd2 c5 4. exd5 exd5 5. Ngf3 Nf6 6. Bb5+ Bd7 7. Bxd7+ Nbxd7
8. O-O Be7 9. dxc5 Nxc5 10. Nb3 O-O 11. Be3 Rc8 12. c3 Qc7 13. Nfd4 Qd7 14. Qf3
Nd3 15. Qe2 Ne5 16. Rad1 Nc4 17. Bc1 Bd6 18. Qf3 Ng4 19. g3 Nf6 20. Nf5 Ne5 21.
Nh6+ Kh8 22. Qf5 Qxf5 23. Nxf5 Bc7 24. Bf4 Nf3+ 25. Kg2 Ne5 26. Ne7 Rcd8 27.
Rfe1 Rfe8 28. Bxe5 Rxe7 29. Bxf6 Rxe1 30. Rxe1 gxf6 31. Re7 Bb6 32. Rxf7 Re8
33. Nd4 1-0

[Event "DVM U14 2016"]
[Site "Düsseldorf GER"]
[Date "2016.12.28"]
[Round "4"]
[White "Schlangenotto, Niklas"]
[Black "Bui, Hai Lam"]
[Result "0-1"]
[Termination "normal"]
[Board "5.2"]
[WhiteElo "1729"]
[BlackElo "1922"]
[WhiteTeam "SK Blauer Springer Paderborn"]
[BlackTeam "SV Dresden-Leuben"]
[PlyCount "68"]
[WhiteFideId "16217560"]
[BlackFideId "12975737"]
[EventCountry "GER"]
[EventRounds "7"]
[EventType "team-swiss"]
[EventDate "2016.12.26"]

1. d4 c6 2. Bf4 d6 3. Nf3 Nd7 4. e3 g6 5. Bd3 Bg7 6. Nbd2 Ngf6 7. h3 O-O 8. O-O
Nd5 9. Bh2 e5 10. c3 Re8 11. e4 Nc7 12. dxe5 dxe5 13. Bc4 Qe7 14. a4 a5 15. Qc2
Ne6 16. Ba2 Nf4 17. Rad1 Nf8 18. Nc4 Qf6 19. Rd6 Re6 20. Nfxe5 Qg5 21. Bxf4
Qxf4 22. g3 Qh6 23. Nxf7 Kxf7 24. Nb6 Rb8 25. f4 Ke7 26. Nxc8+ Rxc8 27. Bxe6
Nxe6 28. Qd2 Qxh3 29. Rf2 Rc7 30. f5 Qxg3+ 31. Kf1 Qxd6 32. f6+ Bxf6 33. Qxd6+
Kxd6 34. Rxf6 Ke5 0-1

[Event "DVM U14 2016"]
[Site "Düsseldorf GER"]
[Date "2016.12.28"]
[Round "4"]
[White "Bui, Ngoc Han Julia"]
[Black "Brockhoff, Moritz"]
[Result "0-1"]
[Termination "normal"]
[Board "5.3"]
[WhiteElo "1773"]
[BlackElo "1818"]
[WhiteTeam "SV Dresden-Leuben"]
[BlackTeam "SK Blauer Springer Paderborn"]
[PlyCount "72"]
[WhiteFideId "12977055"]
[BlackFideId "16214927"]
[EventCountry "GER"]
[EventRounds "7"]
[EventType "team-swiss"]
[EventDate "2016.12.26"]

1. e4 e6 2. d4 d5 3. Nd2 Nf6 4. e5 Nfd7 5. Bd3 c5 6. c3 Nc6 7. Ndf3 cxd4 8.
cxd4 Qb6 9. Ne2 f6 10. exf6 Nxf6 11. O-O Bd6 12. a3 O-O 13. Qc2 Bd7 14. Bg5
Rac8 15. Qd2 Na5 16. Rac1 Nb3 17. Rxc8 Nxd2 18. Rxf8+ Bxf8 19. Bxd2 Qxb2 20.
Bc1 Qb3 21. Ne5 Bb5 22. Bxb5 Qxb5 23. Nf4 Qb6 24. Rd1 Bd6 25. Nxe6 Bxe5 26.
dxe5 Ng4 27. Nd4 Nxe5 28. Nf5 Qf6 29. Nd4 Nc4 30. h3 Qa6 31. Rd3 Nb2 32. Rd2
Nd3 33. Rc2 Nxc1 34. Rxc1 Qxa3 35. Rb1 Qd3 36. Rb4 a5 0-1

[Event "DVM U14 2016"]
[Site "Düsseldorf GER"]
[Date "2016.12.28"]
[Round "4"]
[White "Janke, Julian"]
[Black "Wong, Kar Yan"]
[Result "0-1"]
[Termination "normal"]
[Board "5.4"]
[WhiteElo "1343"]
[BlackElo "1537"]
[WhiteTeam "SK Blauer Springer Paderborn"]
[BlackTeam "SV Dresden-Leuben"]
[PlyCount "78"]
[WhiteFideId "16229185"]
[BlackFideId "12971855"]
[EventCountry "GER"]
[EventRounds "7"]
[EventType "team-swiss"]
[EventDate "2016.12.26"]

1. d4 c5 2. d5 e6 3. c4 Nf6 4. Nc3 exd5 5. cxd5 d6 6. Bg5 g6 7. e4 Bg7 8. Bd3
O-O 9. Nge2 Re8 10. O-O a6 11. a4 Qc7 12. b3 Bd7 13. f3 a5 14. Nb5 Bxb5 15.
Bxb5 Nbd7 16. Rc1 h6 17. Bh4 g5 18. Bg3 Nh5 19. Bf2 Re7 20. Nd4 f6 21. Nf5 Rf7
22. g3 Ne5 23. f4 Nxf4 24. gxf4 gxf4 25. Be1 f3 26. Bg3 Kh7 27. Bxe5 fxe5 28.
Rxf3 Bf6 29. Rg3 Bg5 30. Rcc3 Bf4 31. Qh5 Rxf5 32. Qxf5+ Kh8 33. Qf6+ Kh7 34.
Rg6 Bg5 35. Qxd6 Qf7 36. Re6 Rg8 37. Rg3 Be3+ 38. Kh1 Qf3+ 39. Rxf3 Rg1# 0-1

[Event "DVM U14 2016"]
[Site "Düsseldorf GER"]
[Date "2016.12.28"]
[Round "4"]
[White "Faßhauer, Jacob"]
[Black "Krastev, Alexander"]
[Result "1/2-1/2"]
[Termination "normal"]
[Board "6.1"]
[WhiteElo "1890"]
[BlackElo "1961"]
[WhiteTeam "SG Leipzig"]
[BlackTeam "Biebertaler SF"]
[PlyCount "87"]
[WhiteFideId "12990167"]
[BlackFideId "12989983"]
[EventCountry "GER"]
[EventRounds "7"]
[EventType "team-swiss"]
[EventDate "2016.12.26"]

1. e4 e5 2. Nf3 Nc6 3. Bc4 Nf6 4. d3 Bc5 5. c3 O-O 6. O-O d5 7. exd5 Nxd5 8.
Re1 Bg4 9. Nbd2 Nb6 10. b4 Be7 11. Bb3 Qxd3 12. Bb2 a6 13. Re3 Qd7 14. Qe1 Bd6
15. a3 e4 16. Nxe4 Bf4 17. Nc5 Qf5 18. Rd3 Qh5 19. Bc1 Rfe8 20. Bxf4 Rxe1+ 21.
Rxe1 Rf8 22. Bxc7 Nc8 23. Ne5 Nxe5 24. Rxe5 Qg6 25. h3 b6 26. hxg4 bxc5 27.
Red5 Qxg4 28. Rxc5 Re8 29. Be5 Qe4 30. Bc4 Nb6 31. Re3 Qb1+ 32. Kh2 Nxc4 33.
Rxc4 Qf5 34. Rc5 Qxf2 35. Bd4 Qh4+ 36. Kg1 Qd8 37. Rxe8+ Qxe8 38. Re5 Qd7 39.
Ra5 Qb7 40. a4 Qe4 41. Re5 Qb1+ 42. Kh2 f6 43. Rc5 Qe4 44. b5 1/2-1/2

[Event "DVM U14 2016"]
[Site "Düsseldorf GER"]
[Date "2016.12.28"]
[Round "4"]
[White "Pralle, Finnegan"]
[Black "Enxing, Philemon"]
[Result "1/2-1/2"]
[Termination "normal"]
[Board "6.2"]
[WhiteElo "1870"]
[BlackElo "1460"]
[WhiteTeam "Biebertaler SF"]
[BlackTeam "SG Leipzig"]
[PlyCount "45"]
[WhiteFideId "12986615"]
[BlackFideId "16217632"]
[EventCountry "GER"]
[EventRounds "7"]
[EventType "team-swiss"]
[EventDate "2016.12.26"]

1. e4 e6 2. d4 d5 3. Nc3 Nf6 4. e5 Nfd7 5. Nf3 c5 6. dxc5 Nc6 7. Bf4 Bxc5 8.
Bd3 Be7 9. O-O O-O 10. Ne2 Nc5 11. Ned4 Bd7 12. Rc1 a6 13. Qe2 Rc8 14. Nxc6
Bxc6 15. Be3 Nxd3 16. cxd3 Qd7 17. Bc5 Bxc5 18. Rxc5 d4 19. Rfc1 Bxf3 20. Qxf3
Rxc5 21. Rxc5 Rc8 22. b4 Rxc5 23. bxc5 1/2-1/2

[Event "DVM U14 2016"]
[Site "Düsseldorf GER"]
[Date "2016.12.28"]
[Round "4"]
[White "Liedtke, Sebastian"]
[Black "Grunwald, Jonathan"]
[Result "0-1"]
[Termination "normal"]
[Board "6.3"]
[WhiteElo "1454"]
[BlackElo "1526"]
[WhiteTeam "SG Leipzig"]
[BlackTeam "Biebertaler SF"]
[PlyCount "54"]
[WhiteFideId "16217667"]
[BlackFideId "12955744"]
[EventCountry "GER"]
[EventRounds "7"]
[EventType "team-swiss"]
[EventDate "2016.12.26"]

1. e4 e5 2. Nf3 Nc6 3. Bc4 Bc5 4. b4 Bxb4 5. c3 Be7 6. d4 Na5 7. Nxe5 Nxc4 8.
Nxc4 d5 9. Ncd2 dxe4 10. Nxe4 Nf6 11. Nbd2 O-O 12. O-O Re8 13. Rb1 Nxe4 14.
Nxe4 Qd5 15. Qc2 Bf5 16. f3 Bh4 17. g3 Bxe4 18. fxe4 Rxe4 19. Bf4 Rae8 20. Qg2
Bd8 21. Rbe1 Qc6 22. Rxe4 Qxe4 23. Qxe4 Rxe4 24. Kf2 Re6 25. d5 Ra6 26. Ra1 g5
27. Be3 Bf6 0-1

[Event "DVM U14 2016"]
[Site "Düsseldorf GER"]
[Date "2016.12.28"]
[Round "4"]
[White "Engert, Kiyan"]
[Black "Wang, Ruiming"]
[Result "1/2-1/2"]
[Termination "normal"]
[Board "6.4"]
[WhiteElo "1472"]
[BlackElo "1568"]
[WhiteTeam "Biebertaler SF"]
[BlackTeam "SG Leipzig"]
[PlyCount "106"]
[WhiteFideId "16214870"]
[BlackFideId "16217659"]
[EventCountry "GER"]
[EventRounds "7"]
[EventType "team-swiss"]
[EventDate "2016.12.26"]

1. d4 Nf6 2. Nf3 g6 3. Bg5 Bg7 4. Nbd2 O-O 5. e4 d6 6. Bd3 Nbd7 7. O-O c5 8. c3
h6 9. Bh4 g5 10. Bg3 Nh5 11. Nb3 Nxg3 12. hxg3 Qc7 13. Bc2 c4 14. Nbd2 b5 15.
Re1 Bb7 16. Qe2 Rfd8 17. a4 a6 18. Nh2 Qc6 19. Ndf3 Nb6 20. axb5 axb5 21. Ng4
Re8 22. Ne3 e6 23. e5 Nd5 24. exd6 Qxd6 25. Nxd5 Bxd5 26. Be4 Ra4 27. Bxd5 Qxd5
28. Rxa4 bxa4 29. Nd2 Rc8 30. Qe4 Qb5 31. Rb1 h5 32. f4 Bh6 33. Qe5 Qxe5 34.
fxe5 Bf8 35. Ra1 Ra8 36. Nxc4 Ra6 37. b3 a3 38. Kf2 Kg7 39. Ke2 Kg6 40. b4 a2
41. Nd6 Bxd6 42. exd6 Rxd6 43. Rxa2 Kf5 44. Ke3 Rc6 45. Ra5+ Kg4 46. Rc5 Ra6
47. b5 Ra2 48. c4 Rb2 49. d5 exd5 50. Rxd5 f6 51. Kd3 Kxg3 52. Kc3 Rb1 53. Kc2
Rb4 1/2-1/2

[Event "DVM U14 2016"]
[Site "Düsseldorf GER"]
[Date "2016.12.28"]
[Round "4"]
[White "Huber, Benedikt"]
[Black "Triantafillidis, Simeon"]
[Result "1-0"]
[Termination "normal"]
[Board "7.1"]
[WhiteElo "1869"]
[BlackElo "1656"]
[WhiteTeam "SK München Südost"]
[BlackTeam "SF HN-Biberach"]
[PlyCount "55"]
[WhiteFideId "12923583"]
[BlackFideId "12953113"]
[EventCountry "GER"]
[EventRounds "7"]
[EventType "team-swiss"]
[EventDate "2016.12.26"]

1. d4 c5 2. d5 d6 3. e4 Nf6 4. Nc3 g6 5. f4 Bg7 6. Bb5+ Nfd7 7. a4 a6 8. Bc4 b6
9. Nf3 O-O 10. O-O Bb7 11. Re1 Qc7 12. Be3 Re8 13. Bf2 Nf8 14. Bg3 e6 15. dxe6
Nxe6 16. Nd5 Qd8 17. Bh4 f6 18. f5 b5 19. axb5 axb5 20. Rxa8 bxc4 21. Rxb8 Qxb8
22. fxe6 Rxe6 23. Nd2 Bxd5 24. exd5 Rxe1+ 25. Qxe1 Qxb2 26. Qe8+ Bf8 27. Qe6+
Kh8 28. Bxf6+ 1-0

[Event "DVM U14 2016"]
[Site "Düsseldorf GER"]
[Date "2016.12.28"]
[Round "4"]
[White "Geltz, Noah"]
[Black "Lohvinov, Petro"]
[Result "0-1"]
[Termination "normal"]
[Board "7.2"]
[WhiteElo "1830"]
[BlackElo "1714"]
[WhiteTeam "SF HN-Biberach"]
[BlackTeam "SK München Südost"]
[PlyCount "46"]
[WhiteFideId "16224256"]
[BlackFideId "14176661"]
[EventCountry "GER"]
[EventRounds "7"]
[EventType "team-swiss"]
[EventDate "2016.12.26"]

1. d4 Nf6 2. Nf3 e6 3. Bf4 b6 4. e3 Bb7 5. Nbd2 Be7 6. c4 O-O 7. Bd3 c5 8. O-O
cxd4 9. exd4 d5 10. b3 Nc6 11. Rc1 Rc8 12. Re1 dxc4 13. Nxc4 Nd5 14. Be5 Bb4
15. Re4 b5 16. Rh4 g6 17. a3 bxc4 18. bxc4 Nxe5 19. dxe5 Nc3 20. Qc2 Bxf3 21.
gxf3 Qxh4 22. axb4 Na2 23. Qxa2 Qg5+ 0-1

[Event "DVM U14 2016"]
[Site "Düsseldorf GER"]
[Date "2016.12.28"]
[Round "4"]
[White "Grunert, Friedrich"]
[Black "Späth, René"]
[Result "1-0"]
[Termination "normal"]
[Board "7.3"]
[WhiteElo "1795"]
[BlackElo "1384"]
[WhiteTeam "SK München Südost"]
[BlackTeam "SF HN-Biberach"]
[PlyCount "123"]
[WhiteFideId "12995592"]
[BlackFideId "16224272"]
[EventCountry "GER"]
[EventRounds "7"]
[EventType "team-swiss"]
[EventDate "2016.12.26"]

1. e4 c5 2. Nf3 Nc6 3. d4 cxd4 4. Nxd4 Nf6 5. Nc3 e5 6. Ndb5 b6 7. Nd6+ Bxd6 8.
Qxd6 Qe7 9. Qxe7+ Nxe7 10. Bg5 Nh5 11. Bxe7 Kxe7 12. Nd5+ Kd8 13. O-O-O Re8 14.
g3 Re6 15. Bh3 Rc6 16. Rd2 g6 17. Rhd1 a6 18. Ne3 Ra7 19. Ng4 Re6 20. Nh6 Re7
21. Rd6 Rb7 22. Bg4 Ng7 23. Ng8 Re8 24. Nf6 Re7 25. Nxh7 Ne8 26. R6d3 f5 27.
exf5 Rxh7 28. h4 gxf5 29. Bxf5 Rf7 30. Be4 Rc7 31. R3d2 Nf6 32. Bg6 Rf8 33. h5
Ng4 34. Rf1 Rc6 35. f3 Rcf6 36. Rd3 Bb7 37. Rfd1 Bxf3 38. Rxd7+ Kc8 39. R1d2 e4
40. Re7 e3 41. Rdd7 Rd8 42. Rc7+ Kb8 43. Bd3 Nf2 44. Be2 Bg2 45. b3 Rd2 46.
Bxa6 Rf8 47. Rc3 Ng4 48. Rcxe3 Nxe3 49. Kxd2 Nf1+ 50. Bxf1 Bxf1 51. h6 Rh8 52.
h7 Bh3 53. Rg7 Bc8 54. g4 Be6 55. g5 Rd8+ 56. Kc1 b5 57. g6 b4 58. Re7 Bf5 59.
Rg7 Be6 60. Rg8 Rxg8 61. g7 Kc7 62. h8=Q 1-0

[Event "DVM U14 2016"]
[Site "Düsseldorf GER"]
[Date "2016.12.28"]
[Round "4"]
[White "Gerold, Robin"]
[Black "Grunert, Wilhelm"]
[Result "0-1"]
[Termination "normal"]
[Board "7.4"]
[WhiteElo "1385"]
[BlackElo "1575"]
[WhiteTeam "SF HN-Biberach"]
[BlackTeam "SK München Südost"]
[PlyCount "98"]
[WhiteFideId "16235185"]
[BlackFideId "12995673"]
[EventCountry "GER"]
[EventRounds "7"]
[EventType "team-swiss"]
[EventDate "2016.12.26"]

1. e4 c5 2. Nf3 Nc6 3. Bb5 g6 4. Bxc6 dxc6 5. d3 Bg7 6. Nc3 Nf6 7. Be3 b6 8.
Qe2 O-O 9. O-O Qc7 10. h3 Rd8 11. Nh2 Be6 12. Qf3 Rd7 13. Bf4 Qb7 14. Qe3 Rad8
15. Bh6 c4 16. Rad1 cxd3 17. cxd3 Qa6 18. d4 Bxh6 19. Qxh6 Rxd4 20. Nf3 Rxd1
21. Rxd1 Rxd1+ 22. Nxd1 Nxe4 23. Nc3 Nf6 24. Ng5 Bd5 25. f3 Qd3 26. Nce4 Bxe4
27. fxe4 Qb1+ 28. Kh2 Qxb2 29. Qh4 c5 30. Qf4 Qb4 31. Qb8+ Kg7 32. e5 Qf4+ 33.
g3 Qxg5 34. exf6+ Qxf6 35. Qxa7 Qf2+ 36. Kh1 Qxg3 37. Qxb6 Qxh3+ 38. Kg1 Qe3+
39. Kf1 Qd3+ 40. Ke1 c4 41. Qb2+ c3 42. Qe2 Qb1+ 43. Kf2 Qb2 44. Ke3 c2 45. Kd3
c1=N+ 46. Ke3 Qxe2+ 47. Kf4 e5+ 48. Kg3 f5 49. Kh4 Qg4# 0-1

[Event "DVM U14 2016"]
[Site "Düsseldorf GER"]
[Date "2016.12.28"]
[Round "4"]
[White "von Estorff, Jacob"]
[Black "Kanzow, Alexander"]
[Result "1-0"]
[Termination "normal"]
[Board "8.1"]
[WhiteElo "1885"]
[BlackElo "1556"]
[WhiteTeam "Post SV Uelzen"]
[BlackTeam "KSV Rochade Göttingen"]
[PlyCount "101"]
[WhiteFideId "12974501"]
[BlackFideId "16225414"]
[EventCountry "GER"]
[EventRounds "7"]
[EventType "team-swiss"]
[EventDate "2016.12.26"]

1. e4 d5 2. exd5 Nf6 3. d4 Nxd5 4. c4 Nf6 5. Nc3 e6 6. Nf3 c6 7. Be2 Bd6 8. O-O
O-O 9. b3 Nbd7 10. Qc2 b6 11. Bb2 Bb7 12. Rfd1 Qe7 13. Rd2 Rfd8 14. Re1 Rac8
15. Bd3 h6 16. Nd1 Qf8 17. Ne3 c5 18. d5 exd5 19. cxd5 Re8 20. Bc4 Ne5 21. Nxe5
Bxe5 22. Rde2 Bxb2 23. Qxb2 a6 24. a4 Rcd8 25. Rd1 Ne4 26. h3 Nd6 27. Qc2 Re7
28. Qd3 Ra8 29. Rde1 Qe8 30. Nf5 Nxf5 31. Qxf5 Qd7 32. Qd3 Rxe2 33. Rxe2 Rd8
34. Rd2 a5 35. d6 Qc6 36. f3 Qd7 37. Re2 Bc6 38. Rd2 Bb7 39. f4 Bc6 40. f5 Kh8
41. f6 g6 42. Qe3 Kh7 43. Qe7 Re8 44. Qxf7+ Qxf7 45. Bxf7 Rd8 46. Be6 Be4 47.
g4 g5 48. d7 Bg6 49. Rf2 Rf8 50. Rd2 Rd8 51. Rd6 1-0

[Event "DVM U14 2016"]
[Site "Düsseldorf GER"]
[Date "2016.12.28"]
[Round "4"]
[White "Uhlendorff, Luca"]
[Black "Askerov, Imamali"]
[Result "0-1"]
[Termination "normal"]
[Board "8.2"]
[WhiteElo "1587"]
[BlackElo "1777"]
[WhiteTeam "KSV Rochade Göttingen"]
[BlackTeam "Post SV Uelzen"]
[PlyCount "107"]
[WhiteFideId "16221923"]
[BlackFideId "12974498"]
[EventCountry "GER"]
[EventRounds "7"]
[EventType "team-swiss"]
[EventDate "2016.12.26"]

1. d4 d5 2. Nf3 Nf6 3. Bg5 e6 4. e3 Be7 5. Bd3 Nbd7 6. Nbd2 O-O 7. O-O b6 8.
Qe2 c5 9. c3 Bb7 10. Rfe1 Re8 11. Rad1 Ne4 12. Bxe7 Qxe7 13. Ne5 Nxe5 14. dxe5
Nxd2 15. Rxd2 Qg5 16. f4 Qh6 17. Rf1 g6 18. Rf3 Rad8 19. Rh3 Qg7 20. Bc2 f6 21.
exf6 Qxf6 22. Qf2 Rf8 23. Qh4 Qg7 24. Qh6 Qxh6 25. Rxh6 d4 26. exd4 cxd4 27.
Bb3 dxc3 28. Rxd8 Rxd8 29. bxc3 Rd2 30. Bxe6+ Kg7 31. Rh3 Rxg2+ 32. Kf1 Rd2 33.
Ke1 Rd6 34. Re3 Kf6 35. Bg8 h6 36. Ke2 Ba6+ 37. Ke1 Bb5 38. Bb3 Bd7 39. Bc2 Be6
40. Bb1 Rc6 41. Kf2 Rc4 42. Kf3 Bd5+ 43. Be4 Bxe4+ 44. Rxe4 Rxc3+ 45. Kg4 h5+
46. Kh4 Rc2 47. Ra4 a5 48. Kg3 Rc3+ 49. Kg2 Kf5 50. h3 Re3 51. Rc4 Re2+ 52. Kg3
Rxa2 53. Rc8 Ra3+ 54. Kh4 0-1

[Event "DVM U14 2016"]
[Site "Düsseldorf GER"]
[Date "2016.12.28"]
[Round "4"]
[White "Knüdel, Torben"]
[Black "Mindermann, Arved"]
[Result "1-0"]
[Termination "normal"]
[Board "8.3"]
[WhiteElo "1773"]
[BlackElo "1542"]
[WhiteTeam "Post SV Uelzen"]
[BlackTeam "KSV Rochade Göttingen"]
[PlyCount "47"]
[WhiteFideId "16208820"]
[BlackFideId "16221893"]
[EventCountry "GER"]
[EventRounds "7"]
[EventType "team-swiss"]
[EventDate "2016.12.26"]

1. e4 d5 2. exd5 Nf6 3. Bb5+ Bd7 4. Bc4 Bf5 5. Nc3 Be4 6. Nxe4 Nxe4 7. Nf3 Nf6
8. Bb5+ Nbd7 9. Ne5 a6 10. Ba4 g6 11. Qf3 b5 12. Nc6 Qc8 13. Bb3 Nc5 14. O-O
Nxb3 15. axb3 Qd7 16. Re1 Qd6 17. c4 bxc4 18. bxc4 Nd7 19. d4 Nb8 20. c5 Qd7
21. Qf6 Rg8 22. Nxe7 Bxe7 23. Bg5 Kf8 24. Rxe7 1-0